Les One-Hit Wonder (1) - Statistiques

Statistiques générales
  • Ce quiz a été pris 24 fois
  • Le résultat moyen est 4 sur 10
Statistiques - réponses
Artiste/Groupe Chanson % Correct
Patrick Hernandez Born to Be Alive
91%
Las Ketchup Aserejé
70%
Haddaway What Is Love
61%
Tacabro Tacata'
39%
Jennifer Paige Crush
26%
The Korgis Everybody's Got to Learn Sometime
26%
La Bande du Carré Blanc Nous C Nous
22%
Jean-François Michael Adieu jolie Candy
17%
Ivanov Les Nuits sans soleil
17%
La Plage Coup de boule
13%
Aucun quiz correspondant
Distribution des résultats
% des personnes avec chaque résultat
Percentile par nombre de réponses
Votre historique - résultats
Vous n’avez pas pris ce quiz